[Event "Bangalore op 1st"]
[Site "Bangalore"]
[Date "2024.01.20"]
[Round "4"]
[White "Thejkumar, MS."]
[Black "Aronyak, Ghosh"]
[Result "0-1"]
[WhiteElo "2372"]
[BlackElo "2541"]
[PlyCount "112"]
[EventDate "2024.01.18"]
[EventType "swiss"]
[EventRounds "10"]
[EventCountry "IND"]
[SourceTitle "CB05_2024"]
[SourceDate "2024.01.31"]
[SourceVersion "1"]
[SourceVersionDate "2024.01.31"]
[SourceQuality "1"]

1. d4 Nf6 2. c4 e6 3. Nf3 b6 4. g3 Bb7 5. Bg2 Bb4+ 6. Bd2 c5 7. d5 exd5 8. Nh4 Qc7 9. 0-0 Bxd2 10. Qxd2 d4 11. Bxb7 Qxb7 12. Nf5 Kf8 13. Qf4 Nc6 14. Nd2 Ne7 15. Nd6 Qc6 16. N2e4 Ng6 17. Qf5 Ke7 18. e3 Nxe4 19. Nxe4 Qe6 20. Qf3 Ne5 21. Qg2 d3 22. Nc3 Qxc4 23. f4 Nc6 24. Rfd1 Rhe8 25. Rac1 Kf8 26. Nd5 Qe4 27. Qxe4 Rxe4 28. Rxd3 Nb4 29. Nxb4 Rxb4 30. b3 Ke7 31. Rcd1 Rd8 32. Kf2 Re4 33. Kf3 Re6 34. e4 Rc6 35. g4 c4 36. bxc4 Rxc4 37. R1d2 h6 38. h4 Rc7 39. f5 d6 40. Kf4 Rc1 41. g5 Rf1+ 42. Kg4 Rg1+ 43. Kf4 h5 44. Kf3 Rg4 45. e5 Rxh4 46. Rxd6 Rxd6 47. Rxd6 Rg4 48. f6+ Ke8 49. Rc6 Rxg5 50. fxg7 Rxg7 51. Rc7 a5 52. e6 Kf8 53. Rb7 fxe6 54. Rxb6 Ke7 55. Rb5 Rf7+ 56. Ke4 Rf5 0-1

[Event "Colombo Golden Jubilee"]
[Site "Colombo"]
[Date "2022.12.03"]
[Round "9"]
[White "Annurudha, GC."]
[Black "Thejkumar, MS."]
[Result "0-1"]
[WhiteElo "1997"]
[BlackElo "2393"]
[PlyCount "80"]
[EventDate "2022.11.29"]
[EventType "tourn"]
[EventRounds "10"]
[EventCountry "SRI"]
[EventCategory "3"]
[SourceTitle "CBM 211 Extra"]
[Source "ChessBase"]
[SourceDate "2023.01.31"]
[SourceVersion "1"]
[SourceVersionDate "2023.01.31"]
[SourceQuality "1"]

1. d4 d5 2. c4 e5 3. dxe5 d4 4. Nf3 Nc6 5. a3 Bg4 6. Qb3 Rb8 7. Bf4 Nge7 8. Nbd2 Ng6 9. Bg3 h5 10. h3 Bf5 11. e4 Be6 12. Qc2 h4 13. Bh2 a5 14. Bd3 Bc5 15. Rb1 0-0 16. 0-0 Qe7 17. Rfd1 Rfd8 18. Nb3 b6 19. Nc1 Bd7 20. Ne2 Ngxe5 21. Bxe5 Nxe5 22. Nexd4 Bxh3 23. gxh3 Bxd4 24. Nxe5 Qxe5 25. Bf1 Rd6 26. Kh1 Rbd8 27. Bg2 Rf6 28. f4 Rxf4 29. Rf1 Rd6 30. Rxf4 Qxf4 31. Rf1 Qe3 32. b4 Rf6 33. Qd1 Rxf1+ 34. Qxf1 Qxa3 35. bxa5 bxa5 36. Qf5 g6 37. Qf4 Qa1+ 38. Bf1 a4 39. Kg2 Qb2+ 40. Kh1 Be5 0-1

[Event "Colombo Golden Jubilee"]
[Site "Colombo"]
[Date "2022.11.29"]
[Round "2"]
[White "Nikitenko, Mihail"]
[Black "Thejkumar, MS."]
[Result "1-0"]
[WhiteElo "2484"]
[BlackElo "2393"]
[PlyCount "71"]
[EventDate "2022.11.29"]
[EventType "tourn"]
[EventRounds "10"]
[EventCountry "SRI"]
[EventCategory "3"]
[SourceTitle "CBM 211 Extra"]
[Source "ChessBase"]
[SourceDate "2023.01.31"]
[SourceVersion "1"]
[SourceVersionDate "2023.01.31"]
[SourceQuality "1"]

1. e4 c6 2. d4 d5 3. e5 Bf5 4. Nf3 e6 5. Be2 Ne7 6. 0-0 c5 7. dxc5 Nec6 8. Be3 Nd7 9. c4 dxc4 10. Na3 Bxc5 11. Bxc5 Nxc5 12. Nxc4 0-0 13. Qc1 Nd7 14. Qf4 Qc7 15. Rac1 f6 16. Qg3 fxe5 17. Rfd1 Rf6 18. Nd6 Rg6 19. Qh4 e4 20. Ng5 h6 21. Ngxe4 Nf6 22. Nxf5 exf5 23. Nd6 Qb6 24. Qc4+ Kh8 25. Qf7 Ne5 26. Qxb7 Qxb7 27. Nxb7 Rb8 28. Rc7 Ne4 29. b3 f4 30. Kf1 f3 31. gxf3 Ng5 32. Rd6 Ne6 33. Re7 Nf4 34. Rxe5 Rxb7 35. Rxg6 Nxg6 36. Re8+ 1-0

[Event "Colombo Golden Jubilee"]
[Site "Colombo"]
[Date "2022.11.29"]
[Round "1"]
[White "Thejkumar, MS."]
[Black "Liyanage, Ranindu Dilshan"]
[Result "1/2-1/2"]
[WhiteElo "2393"]
[BlackElo "2331"]
[PlyCount "84"]
[EventDate "2022.11.29"]
[EventType "tourn"]
[EventRounds "10"]
[EventCountry "SRI"]
[EventCategory "3"]
[SourceTitle "CBM 211 Extra"]
[Source "ChessBase"]
[SourceDate "2023.01.31"]
[SourceVersion "1"]
[SourceVersionDate "2023.01.31"]
[SourceQuality "1"]

1. d4 Nf6 2. c4 e6 3. Nf3 d5 4. Nc3 Bb4 5. Bg5 h6 6. Bxf6 Qxf6 7. e3 0-0 8. Rc1 dxc4 9. Bxc4 c5 10. dxc5 Nd7 11. c6 bxc6 12. 0-0 Rb8 13. Qe2 Bxc3 14. Rxc3 Nc5 15. Rd1 e5 16. h3 Na4 17. Rb3 Be6 18. Bxe6 Qxe6 19. Qc2 Rb5 20. Rc1 Rc5 21. Qd2 e4 22. Nd4 Qd7 23. Ra3 Rxc1+ 24. Qxc1 c5 25. Ne2 Qb5 26. Nc3 Nxc3 27. Rxc3 Qa4 28. a3 Rd8 29. Qc2 Rd1+ 30. Kh2 Qd7 31. Qxe4 Qd6+ 32. f4 g5 33. b4 cxb4 34. axb4 Kg7 35. Rc4 Re1 36. Rd4 Qc7 37. Qf3 Qc3 38. fxg5 hxg5 39. Rg4 f6 40. Qb7+ Kh6 41. Qe7 Rxe3 42. Qf8+ Kg6 1/2-1/2

[Event "Colombo Golden Jubilee op"]
[Site "Colombo"]
[Date "2022.11.27"]
[Round "8"]
[White "Thejkumar, MS."]
[Black "Barsov, Alexei"]
[Result "1/2-1/2"]
[WhiteElo "2393"]
[BlackElo "2327"]
[PlyCount "132"]
[EventDate "2022.11.23"]
[EventType "swiss"]
[EventRounds "9"]
[EventCountry "SRI"]
[SourceTitle "CBM 211 Extra"]
[Source "ChessBase"]
[SourceDate "2023.01.31"]
[SourceVersion "1"]
[SourceVersionDate "2023.01.31"]
[SourceQuality "1"]

1. d4 Nf6 2. Nf3 d5 3. c4 e6 4. Nc3 Bb4 5. Qb3 c5 6. dxc5 Na6 7. a3 Bxc3+ 8. Qxc3 Nxc5 9. cxd5 Qxd5 10. Be3 b6 11. Rd1 Qb3 12. Qxb3 Nxb3 13. Nd4 Nxd4 14. Bxd4 Ba6 15. f3 Ke7 16. e4 Bxf1 17. Rxf1 Rhd8 18. Rf2 Ne8 19. Rfd2 f6 20. Bc3 Rxd2 21. Rxd2 Nc7 22. Bb4+ Ke8 23. a4 e5 24. a5 bxa5 25. Bxa5 Nb5 26. Rc2 Rb8 27. Rc5 Kd7 28. Kd2 Nd4 29. Rd5+ Kc6 30. Bc3 Ne6 31. Ra5 Kb6 32. Ra1 Rd8+ 33. Ke3 Rd7 34. g3 Nd4 35. Ra4 Kb5 36. Rb4+ Kc5 37. Rb8 Nb5 38. Ba5 Nd6 39. Bb4+ Kc6 40. Bxd6 Kxd6 41. f4 exf4+ 42. gxf4 Rc7 43. Kd3 g5 44. f5 h5 45. Re8 Kd7 46. Rh8 h4 47. h3 Kd6 48. Re8 Kd7 49. Rg8 Kd6 50. Rf8 Ke7 51. Rb8 Kd6 52. Kd4 Rh7 53. Rd8+ Ke7 54. Rg8 Kd6 55. Rg6 Ke7 56. e5 Rf7 57. Kd5 Rf8 58. exf6+ Rxf6 59. Rg7+ Rf7 60. Rxg5 Kf6 61. Rg4 Rb7 62. b4 a5 63. bxa5 Rb5+ 64. Ke4 Re5+ 65. Kf3 Rxa5 66. Rxh4 Rxf5+ 1/2-1/2

[Event "Colombo Golden Jubilee op"]
[Site "Colombo"]
[Date "2022.11.25"]
[Round "5"]
[White "Alahakoon, Isuru"]
[Black "Thejkumar, MS."]
[Result "1/2-1/2"]
[WhiteElo "1984"]
[BlackElo "2393"]
[PlyCount "58"]
[EventDate "2022.11.23"]
[EventType "swiss"]
[EventRounds "9"]
[EventCountry "SRI"]
[SourceTitle "CBM 211 Extra"]
[Source "ChessBase"]
[SourceDate "2023.01.31"]
[SourceVersion "1"]
[SourceVersionDate "2023.01.31"]
[SourceQuality "1"]

1. Nf3 d5 2. e3 c5 3. b3 Nf6 4. Bb2 Nc6 5. Bb5 Bd7 6. c4 e6 7. 0-0 Bd6 8. d3 0-0 9. Nbd2 a6 10. Bxc6 Bxc6 11. Ne5 Be8 12. f4 Nd7 13. cxd5 exd5 14. Qf3 Nxe5 15. fxe5 Be7 16. a4 Qd7 17. Qg3 Qe6 18. Rf6 Bxf6 19. exf6 g6 20. Qg5 Kh8 21. Rf1 Rg8 22. Rf3 Bd7 23. Rh3 Qg4 24. Nf3 Qxg5 25. Nxg5 h5 26. Nxf7+ Kh7 27. Ng5+ Kh6 28. Nf7+ Kh7 29. Ng5+ Kh6 1/2-1/2

[Event "Colombo Golden Jubilee op"]
[Site "Colombo"]
[Date "2022.11.24"]
[Round "4"]
[White "Thejkumar, MS."]
[Black "Nikitenko, Mihail"]
[Result "0-1"]
[WhiteElo "2393"]
[BlackElo "2484"]
[PlyCount "90"]
[EventDate "2022.11.23"]
[EventType "swiss"]
[EventRounds "9"]
[EventCountry "SRI"]
[SourceTitle "CBM 211 Extra"]
[Source "ChessBase"]
[SourceDate "2023.01.31"]
[SourceVersion "1"]
[SourceVersionDate "2023.01.31"]
[SourceQuality "1"]

1. d4 d5 2. c4 c6 3. Nf3 Nf6 4. Nc3 e6 5. g3 dxc4 6. Bg2 b5 7. Ne5 a6 8. 0-0 Bb7 9. a4 Qc8 10. Bf4 Nbd7 11. Qc2 Be7 12. b3 b4 13. Ne4 Nxe4 14. Bxe4 cxb3 15. Qxb3 c5 16. Bxb7 Qxb7 17. Nxd7 Qxd7 18. dxc5 Bxc5 19. Rac1 Rc8 20. Rfd1 Qb7 21. Rc4 Be7 22. Qf3 Qa8 23. Rxc8+ Qxc8 24. Rc1 Qd8 25. Qc6+ Qd7 26. Qa8+ Bd8 27. Qxa6 0-0 28. Qb5 Qd4 29. a5 Qb2 30. Rd1 Qc2 31. Rd3 Qxe2 32. Bd6 Bf6 33. Bc5 h5 34. a6 Kh7 35. a7 Rd8 36. Rxd8 Qxb5 37. Rc8 b3 38. a8Q g6 39. Qe4 b2 40. Qb1 Qc4 41. Kg2 Qc1 42. Bd4 Qxb1 43. Bxf6 Qe4+ 44. f3 Qe2+ 45. Kh3 g5 0-1

[Event "Dubai op 22nd"]
[Site "Dubai"]
[Date "2022.08.31"]
[Round "5"]
[White "Mahdavi, Reza"]
[Black "Thejkumar, MS."]
[Result "1-0"]
[WhiteElo "2253"]
[BlackElo "2430"]
[PlyCount "55"]
[EventDate "2022.08.27"]
[EventType "swiss"]
[EventRounds "9"]
[EventCountry "UAE"]
[SourceTitle "CBM 210 Extra"]
[Source "ChessBase"]
[SourceDate "2022.11.30"]
[SourceVersion "1"]
[SourceVersionDate "2022.11.30"]
[SourceQuality "1"]

1. e4 c6 2. d4 d5 3. e5 Bf5 4. Nf3 e6 5. Be2 Ne7 6. 0-0 Ng6 7. Be3 Nd7 8. Ne1 h5 9. c3 Qb6 10. b3 h4 11. f4 c5 12. Nd3 cxd4 13. cxd4 Rc8 14. Qd2 Bxd3 15. Qxd3 Ne7 16. Nc3 g6 17. Rac1 Nc6 18. f5 gxf5 19. Nxd5 Qd8 20. Nf4 Bh6 21. d5 Bxf4 22. Bxf4 Nb4 23. Qd4 Nxd5 24. Bg5 Ne7 25. Bb5 a6 26. Bxe7 Kxe7 27. Qd6+ Ke8 28. Qxd7+ 1-0

[Event "Dubai op 22nd"]
[Site "Dubai"]
[Date "2022.08.28"]
[Round "2"]
[White "Thejkumar, MS."]
[Black "Sanket, Chakravarty"]
[Result "1/2-1/2"]
[WhiteElo "2430"]
[BlackElo "2275"]
[PlyCount "119"]
[EventDate "2022.08.27"]
[EventType "swiss"]
[EventRounds "9"]
[EventCountry "UAE"]
[SourceTitle "CBM 210 Extra"]
[Source "ChessBase"]
[SourceDate "2022.11.30"]
[SourceVersion "1"]
[SourceVersionDate "2022.11.30"]
[SourceQuality "1"]

1. d4 d5 2. c4 e6 3. Nf3 c5 4. cxd5 exd5 5. g3 Nc6 6. Bg2 Nf6 7. 0-0 Be7 8. Nc3 0-0 9. dxc5 Bxc5 10. Bg5 d4 11. Bxf6 Qxf6 12. Nd5 Qd6 13. Nd2 Bf5 14. Rc1 Rac8 15. a3 a6 16. Ne4 Bxe4 17. Bxe4 Ba7 18. Nf4 Rfe8 19. Bg2 Qe7 20. Bxc6 bxc6 21. Qd3 Bb8 22. Qxd4 Be5 23. Qd2 Bxf4 24. Qxf4 Qxe2 25. b4 Qd3 26. a4 Qb3 27. a5 h6 28. Rc4 Re6 29. Rfc1 Rce8 30. Kg2 Rf6 31. Qg4 Re5 32. Rf4 Qd5+ 33. Kg1 Rfe6 34. Qd1 Qa2 35. Kg2 g6 36. Qd7 Qd5+ 37. Qxd5 cxd5 38. Rc5 Re4 39. Rxe4 Rxe4 40. Rxd5 Rxb4 41. Rd6 h5 42. Rxa6 Ra4 43. h4 Kg7 44. Ra7 Ra3 45. a6 Kf6 46. Ra8 Kg7 47. Kf1 Ra2 48. Ke1 Kf6 49. Kf1 Kg7 50. Kg2 Ra3 51. f3 Ra2+ 52. Kf1 Kf6 53. Ke1 Kf5 54. Kf1 Kf6 55. g4 Ra4 56. gxh5 gxh5 57. Kf2 Rxh4 58. Rh8 Ra4 59. Rxh5 Kg6 60. Rd5 1/2-1/2

[Event "Titled Tuesday intern op 12th Oct"]
[Site "Chess.com INT"]
[Date "2021.10.12"]
[Round "6"]
[White "Mekhitarian, Krikor Sevag"]
[Black "Thejkumar, MS."]
[Result "1/2-1/2"]
[WhiteElo "2560"]
[BlackElo "2433"]
[PlyCount "158"]
[EventDate "2021.10.12"]
[EventType "swiss (blitz)"]
[EventRounds "11"]
[EventCountry "USA"]
[SourceTitle "EXT 2023"]
[Source "ChessBase"]
[SourceDate "2022.10.05"]
[SourceVersion "1"]
[SourceVersionDate "2022.10.05"]
[SourceQuality "1"]

1. d4 d5 2. c4 e6 3. Nf3 Nf6 4. Bg5 Be7 5. Qc2 0-0 6. e3 c5 7. dxc5 Na6 8. a3 Nxc5 9. Nc3 Nce4 10. Nxe4 Nxe4 11. Bxe7 Qxe7 12. Bd3 Nf6 13. cxd5 exd5 14. 0-0 Bg4 15. Nd4 Rac8 16. Qb3 Rc5 17. h3 Be6 18. Rfc1 Rfc8 19. Rxc5 Rxc5 20. Qb4 Kf8 21. Nb3 Rc7 22. Qxe7+ Kxe7 23. Nd4 a6 24. f3 h6 25. Kf2 Nd7 26. Ke2 Ne5 27. Kd2 Bd7 28. Be2 Nc6 29. Nb3 Ne5 30. Rc1 Rxc1 31. Kxc1 Kd6 32. Nd4 Nc6 33. Nb3 Ne5 34. Kd2 g6 35. h4 g5 36. hxg5 hxg5 37. Nd4 Nc6 38. Kc3 Nxd4 39. Kxd4 Be6 40. f4 f6 41. g3 Bf7 42. b4 Be6 43. a4 Bc8 44. a5 Bd7 45. Bf3 Be6 46. Bg2 Bf7 47. e4 gxf4 48. gxf4 dxe4 49. Bxe4 Kc7 50. Kc5 Be6 51. Bd5 Bd7 52. Bc4 Bg4 53. Kd5 Bf5 54. Bb3 Kd7 55. Kc5 Kc7 56. Bd5 Bg4 57. Bf7 Bf5 58. Kd5 Kd7 59. Bg8 Kc7 60. Be6 Bd3 61. Kc5 Be4 62. Bd5 Bf5 63. Kd4 Bc8 64. Ke4 Kd6 65. Kd4 Kc7 66. Be4 Be6 67. f5 Bf7 68. Kc5 Bg8 69. Bd5 Bxd5 70. Kxd5 Kd7 71. Kc5 Kc7 72. b5 axb5 73. Kxb5 Kc8 74. Kb6 Kb8 75. Kb5 Kc8 76. Kc5 Kc7 77. Kd5 Kd7 78. Kc5 Kc7 79. Kb5 Kc8 1/2-1/2

[Event "Titled Tuesday intern op 12th Oct"]
[Site "Chess.com INT"]
[Date "2021.10.12"]
[Round "4"]
[White "Thejkumar, MS."]
[Black "Begunov, Konstantin"]
[Result "1-0"]
[WhiteElo "2433"]
[BlackElo "2325"]
[PlyCount "77"]
[EventDate "2021.10.12"]
[EventType "swiss (blitz)"]
[EventRounds "11"]
[EventCountry "USA"]
[SourceTitle "EXT 2023"]
[Source "ChessBase"]
[SourceDate "2022.10.05"]
[SourceVersion "1"]
[SourceVersionDate "2022.10.05"]
[SourceQuality "1"]

1. d4 d5 2. c4 c6 3. Nf3 Nf6 4. Qc2 Bg4 5. Nbd2 e6 6. e3 Nbd7 7. Bd3 Be7 8. h3 Bh5 9. 0-0 0-0 10. b3 Rc8 11. Bb2 c5 12. Rac1 cxd4 13. exd4 dxc4 14. bxc4 Bg6 15. Bxg6 hxg6 16. Qb1 Qc7 17. Rfe1 Bb4 18. Re2 Rfd8 19. Nf1 Bd6 20. Ne3 Bf4 21. Rc3 Nb6 22. c5 Na4 23. Rb3 Nxb2 24. Qxb2 Rd7 25. Nc4 b6 26. Nce5 Bxe5 27. Nxe5 Rd5 28. cxb6 axb6 29. Rxb6 Qc1+ 30. Qxc1 Rxc1+ 31. Kh2 Rc8 32. Rb7 Rf8 33. Rc2 Rxd4 34. Rcc7 Nd5 35. Rxf7 Rxf7 36. Nxf7 Rd2 37. Kg3 Rxa2 38. Ng5 e5 39. Rb8# 1-0

[Event "Titled Tuesday intern op 12th Oct"]
[Site "Chess.com INT"]
[Date "2021.10.12"]
[Round "10"]
[White "Thejkumar, MS."]
[Black "Ovchinnikov, Vsevolod"]
[Result "0-1"]
[WhiteElo "2433"]
[BlackElo "2426"]
[PlyCount "96"]
[EventDate "2021.10.12"]
[EventType "swiss (blitz)"]
[EventRounds "11"]
[EventCountry "USA"]
[SourceTitle "EXT 2023"]
[Source "ChessBase"]
[SourceDate "2022.10.05"]
[SourceVersion "1"]
[SourceVersionDate "2022.10.05"]
[SourceQuality "1"]

1. d4 Nf6 2. Nf3 g6 3. c4 Bg7 4. Nc3 d5 5. Qb3 dxc4 6. Qxc4 0-0 7. e4 a6 8. Qb3 b6 9. e5 Be6 10. Bc4 Bxc4 11. Qxc4 Ne8 12. 0-0 c6 13. a4 a5 14. b3 Nc7 15. Ba3 Qd7 16. Rac1 Rc8 17. Rfd1 Nba6 18. Ng5 Ne6 19. Nxe6 fxe6 20. Ne4 h6 21. h4 Ra7 22. Qe2 Nc7 23. Qg4 Kh7 24. Rc3 Qe8 25. Rg3 Nd5 26. Qxe6 Rd8 27. h5 g5 28. Qf5+ Kh8 29. Rxg5 e6 30. Qg4 hxg5 31. Nxg5 Bh6 32. Nxe6 Rdd7 33. Rd3 Rh7 34. Rg3 Raf7 35. Bd6 Bd2 36. Qg6 Rh6 37. Ng5 Rxg6 38. Nxf7+ Qxf7 39. hxg6 Qd7 40. e6 Qxe6 41. Be5+ Kg8 42. Rh3 Nf6 43. Rf3 Nd7 44. Rf7 Nxe5 45. dxe5 Qxg6 46. Rc7 c5 47. Rb7 Bc3 48. e6 Qxe6 0-1

[Event "Titled Tuesday intern op 28th Sept"]
[Site "Chess.com INT"]
[Date "2021.09.28"]
[Round "11"]
[White "Thejkumar, MS."]
[Black "Buscar, Michael"]
[Result "1-0"]
[WhiteElo "2433"]
[BlackElo "2088"]
[PlyCount "71"]
[EventDate "2021.09.28"]
[EventType "swiss (blitz)"]
[EventRounds "11"]
[EventCountry "USA"]
[SourceTitle "CBM 204 Extra"]
[Source "ChessBase"]
[SourceDate "2021.11.30"]
[SourceVersion "1"]
[SourceVersionDate "2021.11.30"]
[SourceQuality "1"]

1. d4 Nf6 2. c4 e6 3. Nf3 c5 4. d5 exd5 5. cxd5 d6 6. Nc3 g6 7. Nd2 Bg7 8. e4 0-0 9. Be2 Na6 10. 0-0 Nb4 11. a3 Na6 12. Re1 Re8 13. h3 Nc7 14. a4 b6 15. Bf1 Ba6 16. Bxa6 Nxa6 17. Nc4 Nb4 18. Bf4 Bf8 19. Qd2 Nh5 20. Bg5 Qd7 21. g4 Ng7 22. Bf6 Be7 23. e5 Bxf6 24. exf6 Rxe1+ 25. Rxe1 Ne8 26. Re7 Qd8 27. g5 h5 28. Ne4 a6 29. Ng3 b5 30. Ne3 bxa4 31. Nef5 gxf5 32. Nxf5 Rc8 33. Nh6+ Kh7 34. Qf4 Rc7 35. Qf5+ Kh8 36. Nxf7+ 1-0

[Event "Titled Tuesday intern op 01st June"]
[Site "Chess.com INT"]
[Date "2021.06.01"]
[Round "6"]
[White "Marek, Matyas"]
[Black "Thejkumar, MS."]
[Result "0-1"]
[WhiteElo "2369"]
[BlackElo "2433"]
[PlyCount "48"]
[EventDate "2021.06.01"]
[EventType "swiss (blitz)"]
[EventRounds "11"]
[EventCountry "USA"]
[SourceTitle "CBM 202 Extra"]
[Source "ChessBase"]
[SourceDate "2021.07.31"]
[SourceVersion "1"]
[SourceVersionDate "2021.07.31"]
[SourceQuality "1"]

1. d4 d5 2. Nc3 Nf6 3. Bf4 Bf5 4. f3 h6 5. g4 Bh7 6. e3 e6 7. Bd3 Bxd3 8. Qxd3 Bd6 9. Nge2 a6 10. 0-0-0 Nc6 11. h4 Qe7 12. Bxd6 Qxd6 13. Nf4 0-0-0 14. g5 Nd7 15. Rdg1 hxg5 16. hxg5 Nb6 17. Rh7 Rxh7 18. Qxh7 Nxd4 19. Qxg7 Nxf3 20. Rf1 Ne5 21. Nd3 Nbc4 22. e4 dxe4 23. Nxe4 Nxd3+ 24. cxd3 Qxd3 0-1

[Event "Titled Tuesday intern op 17th Nov"]
[Site "Chess.com INT"]
[Date "2020.11.17"]
[Round "3"]
[White "Mrudul, Dehankar"]
[Black "Thejkumar, MS."]
[Result "1-0"]
[WhiteElo "2256"]
[BlackElo "2433"]
[PlyCount "55"]
[EventDate "2020.11.17"]
[EventType "swiss (blitz)"]
[EventRounds "11"]
[EventCountry "USA"]
[SourceTitle "CBM 199 Extra"]
[Source "ChessBase"]
[SourceDate "2021.01.31"]
[SourceVersion "1"]
[SourceVersionDate "2021.01.31"]
[SourceQuality "1"]

1. e4 Nf6 2. e5 Nd5 3. d4 d6 4. c4 Nb6 5. exd6 cxd6 6. h3 g6 7. Nf3 Bg7 8. Be2 0-0 9. Nc3 Nc6 10. 0-0 Bf5 11. Be3 d5 12. c5 Nc4 13. Bxc4 dxc4 14. Qa4 Bd3 15. Rfd1 Nxd4 16. Nxd4 Bxd4 17. Rxd3 cxd3 18. Bxd4 f6 19. Qc4+ Kg7 20. Be3 Qd7 21. Rd1 Rad8 22. Qh4 Rfe8 23. Bh6+ Kg8 24. Qc4+ e6 25. Ne4 Qe7 26. Nd6 Rxd6 27. cxd6 Qxd6 28. Rxd3 1-0

[Event "Titled Tuesday intern op 17th Nov"]
[Site "Chess.com INT"]
[Date "2020.11.17"]
[Round "2"]
[White "Saulina, Varvara"]
[Black "Thejkumar, MS."]
[Result "1-0"]
[WhiteElo "2240"]
[BlackElo "2433"]
[PlyCount "121"]
[EventDate "2020.11.17"]
[EventType "swiss (blitz)"]
[EventRounds "11"]
[EventCountry "USA"]
[SourceTitle "CBM 199 Extra"]
[Source "ChessBase"]
[SourceDate "2021.01.31"]
[SourceVersion "1"]
[SourceVersionDate "2021.01.31"]
[SourceQuality "1"]

1. e4 c6 2. Ne2 d5 3. e5 g6 4. d4 Bg7 5. c3 f6 6. f4 Nh6 7. g3 Qb6 8. Bg2 fxe5 9. fxe5 0-0 10. Qb3 Qa6 11. Nf4 Nf5 12. Na3 Nd7 13. Nc2 Nb6 14. Nb4 Qa5 15. 0-0 Bd7 16. Nbd3 Qa4 17. Nc5 Qxb3 18. axb3 Bc8 19. Bd2 a6 20. Rf3 Bh6 21. Be1 Bxf4 22. Rxf4 Nd7 23. Ne6 Rf7 24. Nc7 Rb8 25. e6 Rf6 26. exd7 Bxd7 27. Bd2 Rc8 28. Nxd5 cxd5 29. Bxd5+ Kg7 30. Bxb7 Rb8 31. Bg2 Rxb3 32. Bc1 Bb5 33. Re4 Bd3 34. Re1 Rbb6 35. Bf4 Rxb2 36. Be5 Rc2 37. Bxf6+ exf6 38. Rac1 Rb2 39. d5 Nd6 40. Re7+ Kh6 41. Rc7 Nc4 42. h4 Ne3 43. Bf3 Bb5 44. d6 Rd2 45. c4 Nxc4 46. R7xc4 Bxc4 47. Rxc4 Rxd6 48. Ra4 Rd3 49. Kg2 g5 50. hxg5+ Kxg5 51. g4 f5 52. Ra5 Kh4 53. gxf5 Rd2+ 54. Kf1 Kg3 55. Bb7 Rf2+ 56. Ke1 Rf4 57. Bc8 h5 58. Rxa6 h4 59. Ra3+ Kg2 60. Ra2+ Kg3 61. Ra6 1-0

[Event "Titled Tuesday intern op 17th Nov"]
[Site "Chess.com INT"]
[Date "2020.11.17"]
[Round "8"]
[White "Thejkumar, MS."]
[Black "Lauridsen, Jesper Morch"]
[Result "1-0"]
[WhiteElo "2433"]
[BlackElo "2215"]
[PlyCount "79"]
[EventDate "2020.11.17"]
[EventType "swiss (blitz)"]
[EventRounds "11"]
[EventCountry "USA"]
[SourceTitle "CBM 199 Extra"]
[Source "ChessBase"]
[SourceDate "2021.01.31"]
[SourceVersion "1"]
[SourceVersionDate "2021.01.31"]
[SourceQuality "1"]

1. d4 Nf6 2. Nf3 d5 3. c4 e6 4. Nc3 Bb4 5. Bg5 dxc4 6. e4 b5 7. a4 c5 8. axb5 cxd4 9. Nxd4 h6 10. Bxf6 Qxf6 11. Bxc4 0-0 12. 0-0 Rd8 13. Qb3 Bc5 14. Nf3 Bb7 15. Qc2 Nd7 16. Na4 Bd6 17. Rfd1 Ne5 18. Be2 Nxf3+ 19. Bxf3 Qf4 20. h3 Qh2+ 21. Kf1 Rac8 22. Nc3 f5 23. Rxa7 fxe4 24. Bxe4 Bxe4 25. Qxe4 Bc5 26. Qxe6+ Kh8 27. Rxd8+ Rxd8 28. Rd7 Rf8 29. Rf7 Rd8 30. Qg4 Bd4 31. b6 Re8 32. Ne2 Qh1+ 33. Ng1 Bxb2 34. b7 Bc3 35. Qe2 Rxe2 36. b8Q+ Kh7 37. Kxe2 Qxg1 38. Qb3 Bf6 39. Qd3+ Kh8 40. Rc7 1-0

[Event "Titled Tuesday intern op 17th Nov"]
[Site "Chess.com INT"]
[Date "2020.11.17"]
[Round "11"]
[White "Thejkumar, MS."]
[Black "Murzin, Volodar"]
[Result "0-1"]
[WhiteElo "2433"]
[BlackElo "2470"]
[PlyCount "66"]
[EventDate "2020.11.17"]
[EventType "swiss (blitz)"]
[EventRounds "11"]
[EventCountry "USA"]
[SourceTitle "CBM 199 Extra"]
[Source "ChessBase"]
[SourceDate "2021.01.31"]
[SourceVersion "1"]
[SourceVersionDate "2021.01.31"]
[SourceQuality "1"]

1. d4 Nf6 2. c4 g6 3. Nc3 Bg7 4. e4 d6 5. Be2 0-0 6. Bg5 Nbd7 7. Qd2 e5 8. d5 Nc5 9. f3 h6 10. Be3 a5 11. Bd1 Bd7 12. Nge2 Kh7 13. 0-0 Ne8 14. Bc2 h5 15. b3 b6 16. Rab1 f5 17. exf5 Bxf5 18. Bxf5 gxf5 19. f4 e4 20. Bd4 Qe7 21. Nd1 Nf6 22. Ne3 Ng4 23. Bxg7 Qxg7 24. Nd4 Nxe3 25. Qxe3 Rf7 26. Ne2 Rg8 27. Qh3 Qg4 28. Qxg4 hxg4 29. Kf2 Kg6 30. Rh1 Rh8 31. Nd4 Rfh7 32. Kg3 e3 33. Rbe1 Ne4# 0-1

[Event "Titled Tuesday intern op 30th June"]
[Site "Chess.com INT"]
[Date "2020.06.30"]
[Round "9"]
[White "Khanin, Semen"]
[Black "Thejkumar, MS."]
[Result "1-0"]
[WhiteElo "2482"]
[BlackElo "2433"]
[PlyCount "97"]
[EventDate "2020.06.30"]
[EventType "swiss (blitz)"]
[EventRounds "10"]
[EventCountry "USA"]
[SourceTitle "CBM 197 Extra"]
[Source "ChessBase"]
[SourceDate "2020.09.30"]
[SourceVersion "1"]
[SourceVersionDate "2020.09.30"]
[SourceQuality "1"]

1. c4 e5 2. g3 Nf6 3. Bg2 d5 4. cxd5 Nxd5 5. Nc3 Nb6 6. Nf3 Nc6 7. 0-0 Be7 8. a3 0-0 9. b4 Re8 10. Bb2 Bf8 11. d3 a5 12. b5 Nd4 13. Rc1 a4 14. Nxd4 exd4 15. Ne4 Ra5 16. Qc2 Rxb5 17. h4 c6 18. Rb1 Be6 19. Ba1 Bb3 20. Qc1 h6 21. Bf3 Qe7 22. Bb2 Nd5 23. Qd2 f5 24. Bxd4 fxe4 25. dxe4 Nc7 26. e5 Qxa3 27. Bh5 Rd8 28. Qf4 Qe7 29. Bg6 Ne6 30. Qg4 Rxd4 31. f4 Rxe5 32. e3 Rxe3 33. Bf5 Qf6 34. Rbe1 Rxe1 35. Rxe1 Bc5 36. Kh2 Nf8 37. Re8 Rd2+ 38. Kh3 Bc4 39. Qh5 Bf1+ 40. Kg4 Be2+ 41. Rxe2 Rxe2 42. Bd3 Re3 43. Bc4+ Kh7 44. Qxc5 g6 45. Qxe3 Qf5+ 46. Kf3 Kg7 47. Qe7+ Kh8 48. Bf7 Kg7 49. Be6+ 1-0